书目信息 |
| 题名: |
新历史主义批评
|
|
| 作者: | 李荣庆 著 | |
| 分册: | ||
| 出版信息: | 杭州 浙江大学出版社 2011.01 |
|
| 页数: | 160页 | |
| 开本: | 24cm | |
| 丛书名: | 外国文学研究丛书 | |
| 单 册: | ||
| 中图分类: | I712.074 | |
| 科图分类: | ||
| 主题词: | 短篇小说--duan pian xiao shuo--小说研究--美国--现代 | |
| 电子资源: | ||
| ISBN: | 978-7-308-08299-0 | |
| 000 | 01035nam 2200277 450 | |
| 001 | 012011855343 | |
| 005 | 20110809105016.96 | |
| 010 | @a978-7-308-08299-0@dCNY26.00 | |
| 100 | @a20110219d2011 em y0chiy0120 ea | |
| 101 | 0 | @achi |
| 102 | @aCN@b330000 | |
| 105 | @ay a 000yy | |
| 106 | @ar | |
| 200 | 1 | @a新历史主义批评@Axin li shi zhu yi pi ping@e《外婆的日用家当》研究@f李荣庆著@Fli rong qing zhu |
| 210 | @a杭州@c浙江大学出版社@d2011.01 | |
| 215 | @a160页@d24cm | |
| 225 | 2 | @a外国文学研究丛书@Awai guo wen xue yan jiu cong shu |
| 320 | @a有书目 (第150-160页) | |
| 330 | @a本书分为八章, 主要内容包括: 姹紫嫣红的《外婆的日用家当》批评、母亲与女儿间日常生活的批判、拼花被子: 美国黑人的文化遗产等。 | |
| 410 | 0 | @12001 @a外国文学研究丛书 |
| 517 | 1 | @a《外婆的日用家当》研究@A《wai po de ri yong jia dang》yan jiu |
| 606 | 0 | @a短篇小说@Aduan pian xiao shuo@x小说研究@y美国@z现代 |
| 690 | @aI712.074@v4 | |
| 701 | 0 | @a李荣庆@Ali rong qing@4著 |
| 801 | 0 | @aCN@bQSSK@c20110809 |
| 905 | @b794411-13@dI712.074@eL245@f3 | |
| 新历史主义批评:《外婆的日用家当》研究/李荣庆著.-杭州:浙江大学出版社,2011.01 |
| 160页;24cm.-(外国文学研究丛书) |
| ISBN 978-7-308-08299-0:CNY26.00 |
| 本书分为八章, 主要内容包括: 姹紫嫣红的《外婆的日用家当》批评、母亲与女儿间日常生活的批判、拼花被子: 美国黑人的文化遗产等。 |
| ● |
| 相关链接 |
|
|
|
正题名:新历史主义批评
索取号:I712.074/L245
 
预约/预借
| 序号 | 登录号 | 条形码 | 馆藏地/架位号 | 状态 | 备注 |
| 1 | 794411 | 207944117 | 文学库116/116文学库 25排3列3层/ [索取号:I712.074/L245] | 在馆 | |
| 2 | 794412 | 207944126 | 文学库116/116文学库 25排3列3层/ [索取号:I712.074/L245] | 在馆 | |
| 3 | 794413 | 207944135 | 社科二线400B/108文学库 66排8列2层/ [索取号:I712.074/L245] | 在馆 |